Statistics for Random Facts

Click here to take the quiz!

General Stats

  • This quiz has been taken 514 times
    (391 since last reset)
  • The average score is 11 of 14

Answer Stats

HintAnswer% Correct
1+1=2
99%
11x7=77
99%
Desert animal with 1 or 2 humpsCamel
97%
Website this quiz is onJetpunk
96%
The presidentJoe Biden
93%
Spell the incorrectly spelled word in this sentense correctlySentence
93%
Biggest country in South AmericaBrazil
91%
Leader of the greek godsZeus
88%
Spell it how it was spelledSentense
87%
Who made this quizCharlie07
79%
What this isQuiz
70%
George Lucas's most popular seriesStar Wars
68%
The.......End
51%
Dies at the end of Pirates of the Carribean 5Hector Barbosa
13%

Score Distribution

Percentile by Number Answered

Percent of People with Each Score

Your Score History

You have not taken this quiz since the last reset